Demand-Side Factors and Gas Consumption Forecast in EU Countries until 2025

Spotreba plynu v krajinách EÚ. Faktory dopytu po zemnom plyne. Prognóza spotreby plynu v EÚ do roku 2025.

Salvato in:
Dettagli Bibliografici
Autore principale: Dukhanin, Alexey
Natura: Capitolo di libro
Lingua:inglese
Soggetti:
Tags: Aggiungi Tag
Nessun Tag, puoi essere il primo ad aggiungerne!!

MARC

LEADER 00000naa$a2200000$$$4500
001 0257480
005 20240502074102.7
041 0 |a eng 
044 |a SK 
245 1 0 |a Demand-Side Factors and Gas Consumption Forecast in EU Countries until 2025  |c Alexey Dukhanin 
520 |a Spotreba plynu v krajinách EÚ. Faktory dopytu po zemnom plyne. Prognóza spotreby plynu v EÚ do roku 2025. 
610 2 0 |a plyn 
610 2 0 |a Európska únia 
610 2 0 |a spotreba 
610 2 0 |a dopyt 
100 1 |a Dukhanin, Alexey